<?xml version="1.0" encoding="UTF-8"?>
<record
    xmlns:xsi="http://www.w3.org/2001/XMLSchema-instance"
    xsi:schemaLocation="http://www.loc.gov/MARC21/slim http://www.loc.gov/standards/marcxml/schema/MARC21slim.xsd"
    xmlns="http://www.loc.gov/MARC21/slim">

  <leader>01501nam a2200253 i 4500</leader>
  <controlfield tag="001">134745</controlfield>
  <controlfield tag="003">ES-MaACL</controlfield>
  <controlfield tag="005">20251012175129.0</controlfield>
  <controlfield tag="007">t|</controlfield>
  <controlfield tag="008">070913m19051906sp           ||||1| spa d</controlfield>
  <datafield tag="100" ind1="1" ind2=" ">
    <subfield code="a">Weis, Albert Maria.</subfield>
    <subfield code="9">116380</subfield>
  </datafield>
  <datafield tag="245" ind1="1" ind2="0">
    <subfield code="a">Apolog&#xED;a del cristianismo desde el punto de vista de las costumbres y de la civilizaci&#xF3;n / </subfield>
    <subfield code="c">Alberto Maria Weis ; obra escrita en alem&#xE1;n y traducida por Dionisio Fierro Gasca.</subfield>
  </datafield>
  <datafield tag="260" ind1=" " ind2=" ">
    <subfield code="a">Barcelona : </subfield>
    <subfield code="b">Gili, </subfield>
    <subfield code="c">1905-1906.</subfield>
  </datafield>
  <datafield tag="300" ind1=" " ind2=" ">
    <subfield code="a">10 v. ; </subfield>
    <subfield code="c">24 cm.</subfield>
  </datafield>
  <datafield tag="500" ind1=" " ind2=" ">
    <subfield code="a">Falta el vol. VII.</subfield>
  </datafield>
  <datafield tag="505" ind1="8" ind2=" ">
    <subfield code="a">Contiene: I-II: El hombre completo III-IV: Humanidad y humanismo / traducido por Eugenio Gonz&#xE1;lez Mir V-VI: Naturaleza y sobrenaturaleza, esp&#xED;ritu y vida del Cristianismo / traducci&#xF3;n de la &#xFA;ltima edici&#xF3;n alemana por el Dr. D. Norberto Font y Sagu&#xE9; VII-VIII: La cuesti&#xF3;n social y el orden social. Manual de Sociolog&#xED;a / traducci&#xF3;n de la &#xFA;ltima edici&#xF3;n alemana, por el Dr. D. Modesto Hern&#xE1;ndez Villaescusa IX-X: Filosof&#xED;a de la Perfecci&#xF3;n. Doctrina de la m&#xE1;s elevada empresa moral del hombre / traducci&#xF3;n de la &#xFA;ltima edici&#xF3;n alemana, por el Dr. D. Emilio A. Villelga Rodr&#xED;guez</subfield>
  </datafield>
  <datafield tag="700" ind1="1" ind2=" ">
    <subfield code="a">Fierro Gasca, Dionisio.</subfield>
    <subfield code="9">50716</subfield>
  </datafield>
  <datafield tag="700" ind1="1" ind2=" ">
    <subfield code="a">Gonz&#xE1;lez Mir, Eugenio.</subfield>
    <subfield code="9">58813</subfield>
  </datafield>
  <datafield tag="700" ind1="1" ind2=" ">
    <subfield code="a">Font y Sagu&#xE9;, Norbert, </subfield>
    <subfield code="d">1874-1910</subfield>
    <subfield code="9">51575</subfield>
  </datafield>
  <datafield tag="700" ind1="1" ind2=" ">
    <subfield code="a">Hern&#xE1;ndez Villaescusa, Modesto.</subfield>
    <subfield code="9">63074</subfield>
  </datafield>
  <datafield tag="700" ind1="1" ind2=" ">
    <subfield code="a">Villelga Rodr&#xED;guez, Emilio.</subfield>
    <subfield code="9">115232</subfield>
  </datafield>
  <datafield tag="852" ind1=" " ind2=" ">
    <subfield code="a">ES-MaACL</subfield>
    <subfield code="j">A-4801-10 </subfield>
    <subfield code="b">R.16762</subfield>
  </datafield>
  <datafield tag="999" ind1=" " ind2=" ">
    <subfield code="c">134745</subfield>
    <subfield code="d">134745</subfield>
  </datafield>
  <datafield tag="952" ind1=" " ind2=" ">
    <subfield code="0">0</subfield>
    <subfield code="1">0</subfield>
    <subfield code="4">0</subfield>
    <subfield code="7">0</subfield>
    <subfield code="a">ATENEOM</subfield>
    <subfield code="b">ATENEOM</subfield>
    <subfield code="c">SPP1</subfield>
    <subfield code="d">2008-01-17</subfield>
    <subfield code="e">SC</subfield>
    <subfield code="l">0</subfield>
    <subfield code="o">A-4801-10</subfield>
    <subfield code="p">1140253</subfield>
    <subfield code="r">2023-02-23 00:00:00</subfield>
    <subfield code="w">2023-02-23</subfield>
    <subfield code="y">MONOGRAFIA</subfield>
  </datafield>
</record>
